Responses for Show #4440 - Friday, December 19, 2003

Game data retrieved from an alternate archive.

Contestants

[<< previous game]

Kathleen Mainhart, an assistant professor of education from Brookfield, Connecticut

Christian Maher, a consultant from Erie, Pennsylvania

Erika Rogers, a bartender from Indianapolis, Indiana (whose 1-day cash winnings total $10,000)

[next game >>]

Jeopardy! Round responses

COUNTRY
TURKEY
CHINA
CENTRAL AFRICAN REPUBLIC
CUBA
"ICE"LAND
    $200 6
Elvis Presley

Christian
    $200 1
Benjamin Franklin

Erika
    $200 11
swords

Christian
    $200 26
Cameroon

Erika
    $200 16
Jerry Maguire

Erika
    $200 17
license

Erika
    $400 7
Lorrie Morgan

Christian
    $400 2
gobble

Erika
    $400 12
(Christian: What is Wexford?)

Wedgwood

Christian
Triple Stumper
    $400 27
Uganda

Christian
    $400 22
James Bond

Christian
    $400 18
practice

Erika
    $600 8
Glen Campbell

Triple Stumper
    $600 3
basting

Kathleen
    $600 13
roses

Erika
    $600 28
(Erika: What is Congo?)

Niger

Erika
Triple Stumper
    $600 23
Coming to America

Erika
    $600 19
licorice

Christian
    $800 9
(Erika: Who is Randy Travis?)
(Christian: Dwight Yoakam?)

George Strait

ErikaChristian
Triple Stumper
    $800 4
Neil Armstrong and Buzz Aldrin

Erika
    $800 14
glass

Christian
    $800 29
the Sudan

Triple Stumper
    $800 24
People

Erika
    $800 20
officer

Erika
    $1000 10
"White Lightning"

Erika
    $1000 5
the gizzard

Erika
    $1,000 15
bones

Christian
    $1000 30
Rwanda

Triple Stumper
    $1000 25
the Tuskegee Airmen

Erika
    $1000 21
entice

Erika

Scores at the first commercial break (after clue 15):

Erika Christian Kathleen
$3,200 $1,400 $600

Scores at the end of the Jeopardy! Round:

Erika Christian Kathleen
$7,800 $2,800 $600

Double Jeopardy! Round responses

WRITERS' RELATIVES
TAKE MY FIRST WIFE... PLEASE!
AROUND THE MULBERRY BUSH
DO THE MATH
QUOTES ABOUT 3 THINGS
IT'S CAPITALIZED
    $400 7
Margaret Mitchell

Christian
    $400 6
Napoleon

Erika
    $400 12
(Erika: What is papyrus?)

paper

ErikaKathleen
    $400 21
(Kathleen: What is 7?)

14

ErikaKathleen
    $400 22
Goosey Goosey Gander

Erika
    $400 1
Battle

Christian
    $800 8
Ernest Hemingway

Erika
    $800 17
Mick Jagger

Erika
    $800 13
silkworms

Erika
    $800 23
love

Erika
    $800 2
trademarks

Christian
    $1200 9
Isak Dinesen

Kathleen
    $1200 18
Ronald Reagan

Kathleen
    $1200 14
breadfruit

Triple Stumper
    $1200 24
a jug of wine, a loaf of bread and thou

Triple Stumper
    $1200 3
(Christian: What is the Pentateuch?)

the Torah

ErikaChristian
    $1600 10
Pat Conroy

Triple Stumper
    $1600 19
Muhammad

Kathleen
    $1600 15
hops

Erika
    $1600 28
(Christian: What is $4,800?)
(Erika: What is $5,600?)
...
[The end-of-round signal sounds.]

$5,800

ErikaChristian
Triple Stumper
    $1600 25
thunder, lightning or in rain

Triple Stumper
    $1600 4
families

Christian
    $2000 11
(Christian: Who is Day-Lewis? Thomas Day-Lewis?)

Cecil Day-Lewis

Christian
Triple Stumper
    $2000 20
(Kathleen: Who is Robert E. Lee?)
(Christian: Who is Lincoln?)

Theodore Roosevelt

ChristianKathleen
Triple Stumper
    $2,000 16
the rubber tree plant

Erika
    $2000 27
1,320

Triple Stumper
    $2,000 26
wine, women and song

Erika
    $2000 5
(Kathleen: What is Boulevard?)

Avenue

Kathleen
Triple Stumper

Scores at the end of the Double Jeopardy! Round:

Erika Christian Kathleen
$17,000 -$800 $600
(lock game)

[wagering suggestions for these scores]

Final Jeopardy! Round responses

TELEVISION
KathleenWhat are Law and Order and The Practice?
$600
ErikaWhat is The West Wing & ?
$2,000
The West Wing & 24

Final scores:

Erika Christian Kathleen
$15,000 -$800 $0
2-day champion: $25,000 3rd place: $1,000 2nd place: $2,000

Game dynamics:

Coryat scores:

Erika Christian Kathleen
$17,000 -$800 $600
26 R
(including 2 DDs),
4 W
12 R
(including 1 DD),
6 W
5 R,
3 W

Combined Coryat: $16,800

[game clues] [game scores] [suggest correction]

Game tape date: 2003-10-21
The J! Archive is created by fans, for fans. Scraping, republication, monetization, and malicious use prohibited; this site may use cookies and collect identifying information. See terms. The Jeopardy! game show and all elements thereof, including but not limited to copyright and trademark thereto, are the property of Jeopardy Productions, Inc. and are protected under law. This website is not affiliated with, sponsored by, or operated by Jeopardy Productions, Inc. Join the discussion at JBoard.tv.